| 000 | 00938nam a2200325 i 4500 | ||
|---|---|---|---|
| 999 |
_c38201 _d38201 |
||
| 001 | 768714001 | ||
| 003 | CO-MdFUSB | ||
| 005 | 20200814080322.0 | ||
| 007 | ta | ||
| 008 | 171122t1955 -us |||| |||| 00| 0 eng d | ||
| 020 | _a[No incluye ISBN] | ||
| 040 |
_aCO-MdFUSB _bspa _cCO-MdFUSB _dCO-MdFUSBC _erda |
||
| 041 | 0 | _aeng | |
| 082 | 0 | 4 |
_223 _a226.5 _bB2441g |
| 100 | 1 |
_aBarclay, William (1907-1978) _eautor |
|
| 245 | 4 |
_aThe Gospel of John _c/ William Barclay |
|
| 264 | 1 |
_aEstados Unidos : _bThe Westminster Press, _c[1955] |
|
| 264 | 4 | _c© 1955 | |
| 300 |
_a338 páginas _c; 18 cm |
||
| 336 |
_2rdacontent _atexto _btxt |
||
| 337 |
_2rdamedia _asin mediación _bn |
||
| 338 |
_2rdacarrier _avolumen _bnc |
||
| 505 | _aV. 1. Capítulos 1-7 - v. 2. Capítulos 8-21. | ||
| 563 | _aTapa dura | ||
| 630 | 0 | 7 |
_aBiblia. _pJuan |
| 630 | 0 | 7 |
_aBiblia. _pNuevo Testamento |
| 942 | _cBK | ||
| 945 | _aJTF-925 | ||